00776nam a22001937a 4500008004100000020001800041040005500059080003200114245009900146260004800245300001600293650001400309653001900323700002300342700002400365942001200389999001700401952016400418230322b |||||||| |||| 00| 0 eng d a0-7506-1525-7 aNational Science LibrarycNational Science Library aD 681.3.016/.019(082.2)bN1 aAspects of databasesc/ The proceedings of the ninth British national conference on databases  aOxford: bButterworth-Heinemann Ltd, c1991 axiii, 305p. aDatabases aData modelling aJackson, M S (Ed.) aRobinson, A E (Ed.) 2udccPR c12220d12220 00102udc406D_68130160190822_N170918320aNSLbNSLcGF/Rk-3/C-20/R-6d1992-05-07l0oD 681.3.016/.019(082.2) N1p172876r2023-03-22 00:00:00w2023-03-22yBK